LDR 00653naa#a2200169#i#450# 001 EN\\bibl\91600 005 20260607231125.7 011 ## _a1813-4327 100 ## _a20250328b2025####ek#y0engy0150####ca 102 ## _aRU 200 1# _aSITUATIONAL APPROACH IN FORMING THE SUBJECT OF FORENSIC LINGUISTIC EXPERTISE _eJournal article 210 1# _aVolgograd _cVolgograd Academy of the Ministry of Internal Affairs of Russia _d2025 215 ## _a9 с. 608 ## _aJournal article _2local 675 ## _aКриминалистика. Криминалистическая техника и тактика. 343.98 _z 700 #1 _aMan'kova _gAleksandra Olegovna 856 4# _ava-mvd.editorum.ru _u